[Event "Wijk op"]
[Site "Wijk aan Zee"]
[Date "1993.??.??"]
[Round "7"]
[White "Winants, Luc"]
[Black "Smirin, Ilia"]
[Result "1/2-1/2"]
[WhiteElo "2520"]
[BlackElo "2590"]

1.c4 g6 2.Nc3 Bg7 3.g3 Nf6 4.Bg2 O-O 5.d3 d6 6.Rb1 c5 7.a3 Nc6 8.b4 e6 9.bxc5 dxc5
10.Nf3 Nd7 11.Bb2 b6 12.Nb5 Bxb2 13.Rxb2 Rb8 14.Nd6 Ba6 15.O-O Qe7 16.Qa4 Na5
17.Nb5 Nf6 18.Qc2 Bb7 19.Qc1 Kg7 20.Qa1 Nc6 21.Rbb1 e5 22.Nc3 Nd4 23.Nd2 Bxg2
24.Kxg2 Qb7+ 25.Kg1 h5 26.h4 Rbd8 27.Qb2 Qd7 28.Kg2 Nxe2 29.Nxe2 Qxd3 30.Nf3 e4
31.Ng5 Qxc4 32.Rbc1 Qd5 33.Rfd1 Qf5 34.Nf4 Kg8 35.Qa2 Nh7 36.Nxh7 Kxh7 37.Rd5 Rxd5
38.Qxd5 Qxd5 39.Nxd5 Kg7 40.Nc3 e3 41.fxe3 Rd8 42.Rc2 Kf6 43.Kf3 Ke5 44.a4 a6
45.Ke2 Kf5 46.Rb2 Rd6 47.Nd1 Ke5 48.Nf2 c4 49.Nd1 Kd5 50.Nc3+ Kc6 51.Rd2 Rxd2+
52.Kxd2 b5 53.axb5+  1/2-1/2

[Event "Wijk op"]
[Site "Wijk aan Zee"]
[Date "1993.??.??"]
[Round "10"]
[White "Smirin, Ilia"]
[Black "Huzman, Alexander"]
[Result "1-0"]
[WhiteElo "2590"]
[BlackElo "2510"]

1.e4 d6 2.d4 Nf6 3.Bd3 e5 4.c3 d5 5.dxe5 Nxe4 6.Nf3 Nc6 7.Nbd2 Bg4 8.O-O Nxd2
9.Bxd2 Be7 10.Re1 O-O 11.Qc2 Bxf3 12.gxf3 g6 13.f4 Bc5 14.Qd1 f6 15.b4 Bb6
16.c4 dxc4 17.Bxc4+ Kg7 18.b5 Nd4 19.a4 Nf5 20.Bb4 fxe5 21.Bxf8+ Qxf8 22.Rxe5 Nd6
23.Qe2 Qxf4 24.Re7+ Kh6 25.Bd3 Rf8 26.Kh1 Qg5 27.f3 Nf5 28.Bxf5 Rxf5 29.Rf1 a6
30.bxa6 bxa6 31.Re4 a5 32.Qe1 Qf6 33.Qd2+ Qg5 34.Rh4+ Kg7 35.Qd7+ Rf7 36.Rxh7+ Kxh7
37.Qxf7+ Kh6 38.Qf8+ Kh7 39.Re1 Bc5 40.Qf7+ Kh6 41.Qxc7 Qd2 42.Qg3 Qc2 43.Qf4+ Kg7
44.Rc1 Qe2 45.Qe4 Be3 46.Rc7+  1-0

[Event "Antwerp op"]
[Site "Antwerp"]
[Date "1994.??.??"]
[Round "1"]
[White "Smirin, Ilia"]
[Black "Pimenta, Antonio"]
[Result "1-0"]
[WhiteElo "2615"]
[BlackElo "2185"]

1.e4 e5 2.Nf3 Nc6 3.Bb5 Nf6 4.O-O Nxe4 5.d4 a6 6.Ba4 b5 7.Bb3 d5 8.dxe5 Be6
9.Nbd2 Nc5 10.c3 d4 11.cxd4 Nxd4 12.Nxd4 Qxd4 13.Bxe6 Nxe6 14.Qf3 Rd8 15.Qc6+ Qd7
16.Qxa6 Qd5 17.Qa5 Ra8 18.Qc3 Bc5 19.Nb3 Bd4 20.Nxd4 Nxd4 21.Qxc7 O-O 22.Be3 Rfc8
23.Qd6 Qxd6 24.exd6 Nc2 25.Rac1 Nxe3 26.Rxc8+ Rxc8 27.fxe3 Rd8 28.Rd1  1-0

[Event "Antwerp op"]
[Site "Antwerp"]
[Date "1994.??.??"]
[Round "3"]
[White "Smirin, Ilia"]
[Black "Blatny, Pavel"]
[Result "1-0"]
[WhiteElo "2615"]
[BlackElo "2485"]

1.e4 e5 2.Nf3 Nc6 3.Bb5 a6 4.Ba4 Nf6 5.O-O Be7 6.Re1 b5 7.Bb3 O-O 8.d3 d6
9.c3 Nd7 10.Nbd2 Bf6 11.Nf1 Ne7 12.Ng3 g6 13.d4 c5 14.h4 Qc7 15.h5 c4 16.Bc2 Bg7
17.Be3 Nf6 18.Nh2 Bb7 19.Ng4 Nxg4 20.Qxg4 Rae8 21.Rad1 Bc8 22.Qh4 f6 23.dxe5 dxe5
24.h6 Bh8 25.b4 Rd8 26.Bc5 Kf7 27.Nf1 Rxd1 28.Rxd1 Rd8 29.Ne3 Rxd1+ 30.Bxd1 f5
31.g4 f4 32.Nf1 Bb7 33.Bc2 Nc6 34.g5 Nd8 35.Nd2 Ne6 36.Nf3 Bc8 37.Kg2 Nxc5
38.bxc5 Qxc5 39.Qh1 Ke7 40.Qc1 Qd6 41.Qd1 Qe6 42.Ng1 Ke8 43.Kf1 Bb7 44.a4 Bc6
45.axb5 Bxb5 46.Ba4 Qc6 47.Bxb5 Qxb5 48.Nf3 Qc6 49.Qb1 Kf7 50.Nd2 Qd7 51.Ke1 Qe7
52.Qb8 Qxg5 53.Qxh8 Qxh6 54.Qxe5 Qh1+ 55.Ke2  1-0

[Event "Elenite"]
[Site "Elenite"]
[Date "1994.??.??"]
[Round "2"]
[White "Topalov, Veselin"]
[Black "Smirin, Ilia"]
[Result "0-1"]
[WhiteElo "2645"]
[BlackElo "2615"]

1.e4 c5 2.Nf3 d6 3.d4 cxd4 4.Nxd4 Nf6 5.Nc3 Nc6 6.Bg5 Qb6 7.Nb3 e6 8.Bf4 Ne5
9.Be3 Qc7 10.f4 Nc6 11.g4 d5 12.e5 Nd7 13.Nb5 Qb8 14.g5 a6 15.N5d4 Qc7 16.Qf3 Nxd4
17.Nxd4 Bb4+ 18.Kf2 Be7 19.h4 Nc5 20.Kg1 Bd7 21.Rh2 h6 22.c4 dxc4 23.Rc2 hxg5
24.hxg5 f6 25.exf6 gxf6 26.gxf6 Bxf6 27.Rxc4 Qd6 28.b4 Na4 29.Re1 Kf7 30.Qxb7 Nb6
31.Nf3 Nxc4 32.Bxc4 Qc6 33.Qxc6 Bxc6 34.Rf1 Bb5 35.Ng5+ Kg6 36.f5+ Kh5 37.Bxb5 axb5
38.Ne4 Bh4 39.f6 Rag8+ 40.Kh2 Rg4 41.f7 Be7 42.Bd4 Rf8 43.Bc5 Kg6 44.Kh3 Rh4+
45.Kg3 Rxe4  0-1

[Event "PCA/Intel-GP"]
[Site "Moscow"]
[Date "1994.??.??"]
[Round "1"]
[White "Smirin, Ilia"]
[Black "Anand, Viswanathan"]
[Result "1/2-1/2"]
[WhiteElo "2615"]
[BlackElo "2715"]

1.e4 c5 2.Nf3 Nc6 3.Bb5 d6 4.O-O Bd7 5.c3 Nf6 6.Re1 a6 7.Bf1 Bg4 8.d3 g6
9.Nbd2 Bg7 10.h3 Bxf3 11.Nxf3 O-O 12.d4 cxd4 13.cxd4 Rc8 14.a3 e6 15.Bg5 h6
16.Bh4 Qb6 17.Qd2 d5 18.Bxf6 Bxf6 19.e5 Bg7 20.Rad1 Rc7 21.Nh2 Ne7 22.Ng4 Nf5
23.Nf6+ Bxf6 24.exf6 Kh7 25.Qf4 Rc2 26.Bd3 Rxb2 27.Bxf5 exf5 28.Qe5 Kg8 29.Qe7 Qd8
30.Rc1 Rb6 31.Rc7 Rxf6 32.Rxb7 Qxe7 33.Rexe7 Rc6 34.Red7 Rc1+ 35.Kh2 Rc3
36.a4 Rc4 37.Rxd5 Rxa4 38.Rdd7 a5 39.Kg3 Ra3+ 40.Kf4 Ra2 41.Ke5 Re2+ 42.Kd6 Rc8
43.Rxf7 Rd8+ 44.Kc6 Rc2+ 45.Kb5 Rb2+ 46.Kc4 Rxb7 47.Rxb7 Ra8 48.Kb3 Rd8 49.Kc3 Ra8
50.d5 a4 51.Kc2 a3 52.Kb1 Rd8 53.Rb5 Kf7 54.Ka2 Ra8 55.Rb6 Rd8 56.d6 Ke6
57.d7+ Kf7 58.Rd6 Ke7 59.Rxg6 Rxd7 60.Rg7+ Ke8 61.Rxd7 Kxd7 62.Kxa3 Kd6 63.Kb4 Kd5
64.Kc3 Ke4 65.Kd2 f4 66.Ke2 f3+ 67.gxf3+ Kf4 68.Ke1 Kxf3 69.Kf1 h5 70.Kg1 Kf4
71.Kg2 h4 72.Kg1 Ke4 73.Kf1 Kf3 74.Ke1 Kg2 75.f4 Kxh3 76.f5 Kg2 77.f6 h3
78.f7 h2 79.f8=Q h1=Q+  1/2-1/2

[Event "Moscow PCA-op rapid"]
[Site "Moscow"]
[Date "1994.??.??"]
[Round "5"]
[White "Smirin, Ilia"]
[Black "Chernin, Alexander"]
[Result "1-0"]
[WhiteElo "2615"]
[BlackElo "2630"]

1.e4 e6 2.d4 d5 3.Nd2 dxe4 4.Nxe4 Bd7 5.Nf3 Bc6 6.Bd3 Nd7 7.O-O Ngf6 8.Ned2 Be7
9.Nc4 O-O 10.Re1 b6 11.Nce5 Nxe5 12.dxe5 Nd7 13.Nd4 Bb7 14.Qg4 Re8 15.Bh6 Bf8
16.Bg5 Be7 17.h4 Bxg5 18.hxg5 Nf8 19.Bb5 Re7 20.Nc6 Bxc6 21.Bxc6 Rb8 22.Rad1 Qc8
23.Rd3 b5 24.Red1 Ng6 25.Qd4 h6 26.gxh6 gxh6 27.Rh3 Qf8 28.Be4 a6 29.Rg3 Kg7
30.Rdd3 Rc8 31.Rdf3 Qd8 32.Qc5 Qd1+ 33.Kh2 Rd7 34.Qc6 Re8 35.Bxg6 fxg6 36.Qe4 g5
37.Rf6 Rg8 38.Rh3  1-0

[Event "Moscow PCA-op rapid"]
[Site "Moscow"]
[Date "1994.??.??"]
[Round "6"]
[White "Smirin, Ilia"]
[Black "Bareev, Evgeny"]
[Result "1/2-1/2"]
[WhiteElo "2615"]
[BlackElo "2685"]

1.e4 e6 2.d4 d5 3.Nd2 c5 4.Ngf3 Nf6 5.e5 Nfd7 6.c3 Nc6 7.Bd3 g6 8.O-O Bg7
9.Bb5 O-O 10.Re1 Qb6 11.Qa4 a6 12.Bxc6 bxc6 13.Nb3 c4 14.Na5 c5 15.b3 cxd4
16.cxd4 Qb5 17.Qa3 Nb6 18.Bg5 Re8 19.bxc4 Nxc4 20.Nxc4 dxc4 21.Bf6 Bb7 22.Bxg7 Kxg7
23.Rab1 Qd7 24.Ng5 Rab8 25.Rbd1 Qe7 26.Qg3 c3 27.Rc1 Rec8 28.h4 c2 29.Re2 h6
30.Nh3 Qd8 31.Rexc2 Qxd4 32.Rxc8 Rxc8 33.Rxc8 Bxc8 34.Qf4 Qxf4 35.Nxf4 f6
36.exf6+ Kxf6 37.f3 e5 38.Ne2 e4 39.Kf2 exf3 40.gxf3 g5 41.hxg5+ Kxg5 42.Kg3 Kf5
43.Kh4 Bb7 44.Kg3 Ke5 45.f4+ Ke4 46.Kg4 Bc8+  1/2-1/2

[Event "Moscow ol (Men)"]
[Site "Moscow"]
[Date "1994.??.??"]
[Round "6"]
[White "Renet, Olivier"]
[Black "Smirin, Ilia"]
[Result "1/2-1/2"]
[WhiteElo "2530"]
[BlackElo "2615"]

1.e4 c5 2.c3 Nf6 3.e5 Nd5 4.d4 cxd4 5.Nf3 Nc6 6.Bc4 Nb6 7.Bb3 d6 8.exd6 Qxd6
9.O-O Be6 10.Na3 Bxb3 11.Qxb3 Qd5 12.Nb5 Rc8 13.Nfxd4 Nxd4 14.Nxd4 e6 15.Rd1 Qxb3
16.axb3 a6 17.b4 Be7 18.b5 axb5 19.Nxb5 O-O 20.Bf4 Nd5 21.Bd6 Bxd6 22.Nxd6 Rc6
23.Nb5 Rc5 24.Nd6 Rc6  1/2-1/2

[Event "Moscow ol (Men)"]
[Site "Moscow"]
[Date "1994.??.??"]
[Round "12"]
[White "Ricardi, Pablo"]
[Black "Smirin, Ilia"]
[Result "0-1"]
[WhiteElo "2495"]
[BlackElo "2615"]

1.e4 c5 2.Nf3 Nc6 3.Bb5 g6 4.O-O Bg7 5.Re1 Nf6 6.Nc3 O-O 7.e5 Ne8 8.d3 Nd4
9.Bg5 Nc7 10.Bc4 b5 11.Nxd4 bxc4 12.Ndb5 Ne6 13.Bh4 cxd3 14.Qxd3 Bb7 15.Nd5 Bxd5
16.Qxd5 Rb8 17.Qd3 c4 18.Qxc4 Qa5 19.a4 a6 20.Qc3 Qb6 21.Na3 g5 22.Bg3 Qxb2
23.Qd3 Qd4 24.Qxd4 Nxd4 25.Rad1 Nf5 26.Rxd7 Rb4 27.Rc7 h5 28.f3 Rxa4 29.Nc4 Ra2
30.Nb6 Rd8 31.Bf2 Rd2 32.g4 hxg4 33.fxg4 Nh4 34.Bxh4 gxh4 35.Nc8 e6 36.Ne7+ Kh7
37.Rf1 Bxe5 38.Rxf7+ Kh6 39.Ng8+ Kg6  0-1

[Event "Moscow ol (Men)"]
[Site "Moscow"]
[Date "1994.??.??"]
[Round "13"]
[White "Smirin, Ilia"]
[Black "Gluzman, Mikhail"]
[Result "1-0"]
[WhiteElo "2615"]
[BlackElo "2430"]

1.e4 c6 2.d4 d5 3.e5 Bf5 4.Nf3 e6 5.Be2 c5 6.O-O Nc6 7.Be3 Bg4 8.dxc5 Bxf3
9.Bxf3 Nge7 10.c4 Nxe5 11.Nd2 d4 12.Bf4 Nxf3+ 13.Qxf3 Ng6 14.c6 Nxf4 15.cxb7 Rb8
16.Qxf4 Rxb7 17.Nb3 Rd7 18.Qe5 Qc7 19.Qxc7 Rxc7 20.Rac1 Bc5 21.Nxc5 Rxc5
22.b4 Rc7 23.f4 Ke7 24.Rfd1 Rb8 25.a3 a5 26.b5 d3 27.Kf2 d2 28.Rxd2 Rxb5
29.cxb5 Rxc1 30.Ke3 Rc3+ 31.Kd4 Rb3 32.Kc5 Rxa3 33.b6 h6 34.Kc6 g5 35.fxg5 hxg5
36.g4 Rc3+ 37.Kb5 f5 38.gxf5 exf5 39.b7 Rb3+ 40.Ka6 Ke6 41.Rd8 Ke5 42.b8=Q+ Rxb8
43.Rxb8 Ke4 44.Kb5 g4 45.Kc4 f4 46.Rg8 Kf3 47.Kd3 a4 48.Kd2 a3 49.Ke1 a2
50.Ra8 Kg2 51.Rxa2+  1-0

[Event "Moscow ol (Men)"]
[Site "Moscow"]
[Date "1994.??.??"]
[Round "14"]
[White "Smirin, Ilia"]
[Black "Akopian, Vladimir"]
[Result "1/2-1/2"]
[WhiteElo "2615"]
[BlackElo "2630"]

1.e4 e5 2.Nf3 Nf6 3.Nxe5 d6 4.Nf3 Nxe4 5.d4 d5 6.Bd3 Bd6 7.O-O O-O 8.c4 c6
9.Re1 Bf5 10.Nc3 Nxc3 11.bxc3 Bxd3 12.Qxd3 Nd7 13.Bg5 Qc7 14.Be7 Nb6 15.Bxd6  1/2-1/2

[Event "PCA-op"]
[Site "New York"]
[Date "1994.??.??"]
[Round "3"]
[White "Ehlvest, Jaan"]
[Black "Smirin, Ilia"]
[Result "1/2-1/2"]
[WhiteElo "2600"]
[BlackElo "2615"]

1.d4 Nf6 2.c4 g6 3.Nc3 Bg7 4.e4 d6 5.Nf3 O-O 6.Be2 e5 7.Be3 h6 8.O-O Ng4
9.Bc1 Nd7 10.d5 a5 11.g3 Nc5 12.Nh4 Nf6 13.Qc2 c6 14.Be3 cxd5 15.cxd5 Bd7
16.f3 Rc8 17.Qd2 Kh7 18.Rab1 Qe8 19.b3 b5 20.b4 axb4 21.Rxb4 Na6 22.Rb3 Nc5
23.Rb2 Qe7 24.Bxb5 Bh3 25.Rfb1 Nh5 26.Bc6 f5 27.exf5 gxf5 28.Bxc5 dxc5 29.Rb7 Qg5
30.Qxg5 hxg5 31.Ng2 Kh8 32.Nb5 e4 33.Bd7 Rb8 34.Rxb8 Rxb8 35.fxe4 Bd4+ 36.Kh1 Nf6
37.Bxf5 Bxf5 38.exf5 Ne4 39.h4 g4 40.a4 Nxg3+ 41.Kh2 Bf2 42.Nf4 Nxf5 43.Kg2 g3
44.h5 c4 45.Kh3 Kg7 46.Nc3 Rb3 47.Rxb3 cxb3 48.Nd3 Bd4 49.Nb1  1/2-1/2

[Event "PCA-op"]
[Site "New York"]
[Date "1994.??.??"]
[Round "6"]
[White "Smirin, Ilia"]
[Black "Chernin, Alexander"]
[Result "1-0"]
[WhiteElo "2615"]
[BlackElo "2615"]

1.e4 g6 2.d4 c6 3.c4 Bg7 4.Nc3 d6 5.Nf3 Bg4 6.Be3 a6 7.Be2 b5 8.O-O Nf6 9.e5 dxe5
10.Nxe5 Bxe2 11.Qxe2 O-O 12.Rfd1 Nfd7 13.f4 bxc4 14.Qxc4 Qb6 15.Qe2 Qb7 16.Rac1 Nb6
17.Qf3 Nd5 18.Bf2 e6 19.Na4 Rc8 20.Nc4 Qc7 21.Ne5 Qb7 22.Nc5 Qxb2 23.Nc4 Qxa2
24.Rd2 Qxd2 25.Nxd2 a5 26.Nc4 Na6 27.Nd7 Ra7 28.Nde5 Nab4 29.Nd6 Rcc7 30.Be1 Bf8
31.Ne4 a4 32.Bxb4 Bxb4 33.Ra1 a3 34.Nc4 Bf8 35.h3 Ra4 36.Qb3 Rca7 37.Ne5 Rb4
38.Qc2 Rb2 39.Qc1 Rab7 40.Nc4 Re2 41.Ng3 Reb2 42.Kh2 Rf2 43.Rxa3 Bxa3 44.Qxa3 Kg7
45.Ne4 Rxf4 46.Ned6 Rb8 47.Ne5 Rf8 48.Nxc6 h5 49.Qa7 h4 50.Nc4 g5  1-0

[Event "PCA-op"]
[Site "New York"]
[Date "1994.??.??"]
[Round "8"]
[White "Vaganian, Rafael A"]
[Black "Smirin, Ilia"]
[Result "1/2-1/2"]
[WhiteElo "2645"]
[BlackElo "2615"]

1.Nf3 Nf6 2.c4 g6 3.g3 Bg7 4.Bg2 O-O 5.O-O c6 6.Nc3 d5 7.cxd5 cxd5 8.d4 Nc6
9.Bf4 e6 10.Ne5 Nxe5 11.Bxe5 Bd7 12.Rc1 Ne8 13.e4 dxe4 14.Bxe4 Qb6 15.Qb3 Bc6
16.Bxc6 bxc6 17.Qc2 Bh6 18.Na4 Qd8 19.Rcd1 f6 20.Qxc6 fxe5 21.Qxe6+ Kh8 22.dxe5 Qa5
23.Qc6 Ng7  1/2-1/2

[Event "Oslo op"]
[Site "Oslo"]
[Date "1994.??.??"]
[Round "1"]
[White "Smirin, Ilia"]
[Black "Ogaard, Leif"]
[Result "1-0"]
[WhiteElo "2615"]
[BlackElo "2425"]

1.e4 c5 2.Nf3 e6 3.Nc3 Nc6 4.Bb5 Nd4 5.O-O a6 6.Bd3 Nc6 7.Re1 d6 8.Bf1 Be7
9.d4 cxd4 10.Nxd4 Nf6 11.Nxc6 bxc6 12.e5 dxe5 13.Qxd8+ Bxd8 14.Rxe5 Nd5 15.Na4 Nb6
16.Nxb6 Bxb6 17.Be3 Rb8 18.b3 Ke7 19.Rd1 Rd8 20.Rxd8 Bxd8 21.Rc5 Bb7 22.Rc4 Bc7
23.Ra4 Rd8 24.Bd3 h6 25.g3 Ra8 26.Rb4 Rb8 27.Bc5+ Ke8 28.Be4 Ba8 29.Ra4 Bb7
30.f4 Rd8 31.Bd3 Rd5 32.Be3 a5 33.Kf2 Rd8 34.Be4 Rc8 35.b4 f5 36.Bf3 Rb8
37.bxa5 Ba6 38.Bxc6+ Kf7 39.Rd4 Bxa5 40.Rd7+ Kg6 41.Bd4  1-0

[Event "Oslo op"]
[Site "Oslo"]
[Date "1994.??.??"]
[Round "2"]
[White "Bjerke, Richard"]
[Black "Smirin, Ilia"]
[Result "0-1"]
[WhiteElo "2255"]
[BlackElo "2615"]

1.Nf3 Nf6 2.c4 g6 3.g3 Bg7 4.Bg2 O-O 5.O-O d6 6.d4 Nc6 7.Nc3 Bf5 8.b3 Ne4
9.Bb2 Nxc3 10.Bxc3 Be4 11.Qd2 e5 12.dxe5 dxe5 13.Rad1 Qe7 14.Qb2 Rfd8 15.e3 a5
16.Nh4 Bxg2 17.Nxg2 f5 18.e4 fxe4 19.Qe2 Qa3 20.Rd5 a4 21.Qxe4 axb3 22.axb3 Qxb3
23.Ba1 Rxd5 24.Qxd5+ Kh8 25.f4 Re8 26.Qf7 Qb6+ 27.Kh1 Rf8 28.Qd5 Nd4 29.Re1 Nc2
30.Bxe5 Nxe1 31.Bxg7+ Kxg7 32.Qe5+ Qf6  0-1

[Event "Oslo op"]
[Site "Oslo"]
[Date "1994.??.??"]
[Round "7"]
[White "Smirin, Ilia"]
[Black "Bologan, Viktor"]
[Result "1/2-1/2"]
[WhiteElo "2615"]
[BlackElo "2585"]

1.e4 c6 2.d4 d5 3.Nd2 g6 4.Ngf3 Bg7 5.c3 Nd7 6.Bd3 dxe4 7.Nxe4 Ngf6 8.Nxf6+ Nxf6
9.O-O O-O 10.Re1 Qc7 11.Qe2 Be6 12.h3 Rad8 13.Ng5 Bd7 14.Bc4 e6 15.Qf3 c5
16.Bf4 Qb6 17.Be5 Ne8 18.d5 Bxe5 19.Rxe5 Nd6 20.Qe2 Nxc4 21.Qxc4 exd5 22.Qh4 h5
23.Rxd5 Bc6 24.Rxd8 Qxd8 25.Qf4 Qd5 26.f3  1/2-1/2

[Event "Oslo op"]
[Site "Oslo"]
[Date "1994.??.??"]
[Round "8"]
[White "Bronstein, David I"]
[Black "Smirin, Ilia"]
[Result "0-1"]
[WhiteElo "2400"]
[BlackElo "2615"]

1.d4 Nf6 2.c4 g6 3.Nc3 Bg7 4.e4 d6 5.f3 O-O 6.Be3 c5 7.dxc5 dxc5 8.e5 Nfd7
9.f4 f6 10.e6 Nb6 11.Qxd8 Rxd8 12.Bxc5 Bxe6 13.b3 f5 14.Rc1 Na6 15.Ba3 Bd4
16.Nd1 Bc5 17.Bxc5 Nxc5 18.Nf3 a5 19.Ne3 a4 20.b4 Nd3+ 21.Bxd3 Rxd3 22.Ke2 Rad8
23.Rc2 Ra3 24.Kf2 Rdd3 25.Re1 Rac3 26.Rce2 Bxc4 27.Nxc4 Nxc4 28.Rxe7 Nd6
29.h3 Ne4+ 30.Kg1 Rc2 31.Rxb7 Rxa2 32.Rc1 Nc3 33.Nd4 a3 34.Kf1 Ne4 35.Rc2  0-1

[Event "PCA/Intel-GP"]
[Site "Paris"]
[Date "1994.??.??"]
[Round "1.2"]
[White "Smirin, Ilia"]
[Black "Ivanchuk, Vassily"]
[Result "1-0"]
[WhiteElo "2615"]
[BlackElo "2695"]

1.e4 c5 2.Nf3 g6 3.c3 Bg7 4.d4 cxd4 5.cxd4 d5 6.e5 Nc6 7.h3 Nh6 8.Nc3 O-O
9.Be2 f6 10.exf6 exf6 11.O-O Nf5 12.Bf4 Be6 13.Re1 Bf7 14.Bb5 Rc8 15.Rc1 a6
16.Bf1 Re8 17.Rxe8+ Qxe8 18.g4 Nfe7 19.Qd2 Qd8 20.Na4 g5 21.Bg3 Bg6 22.Nc5 Qb6
23.Re1 Kf7 24.Qe3 Kg8 25.Bd6 Re8 26.Qe6+ Bf7 27.Qd7 Bf8 28.Qxb7 Qa5 29.Re3 Qxa2
30.Nd7 Bg6 31.Nxf6+  1-0

[Event "PCA/Intel-GP"]
[Site "Paris"]
[Date "1994.??.??"]
[Round "1.2"]
[White "Ivanchuk, Vassily"]
[Black "Smirin, Ilia"]
[Result "1/2-1/2"]
[WhiteElo "2695"]
[BlackElo "2615"]

1.e4 c5 2.Nf3 d6 3.d4 cxd4 4.Nxd4 Nf6 5.Nc3 Nc6 6.Bg5 Qb6 7.Nb3 e6 8.Be2 Be7
9.O-O O-O 10.Bxf6 gxf6 11.Kh1 Kh8 12.f4 Rg8 13.Qe1 Bd7 14.Rf3 Rg7 15.Rh3 Rag8
16.Bf3 Nd4 17.Nxd4 Qxd4 18.Rd1 Qb4 19.b3  1/2-1/2

[Event "PCA/Intel-GP"]
[Site "Paris"]
[Date "1994.??.??"]
[Round "1.2"]
[White "Smirin, Ilia"]
[Black "Ivanchuk, Vassily"]
[Result "1/2-1/2"]
[WhiteElo "2615"]
[BlackElo "2695"]

1.e4 c5 2.Nf3 d6 3.d4 cxd4 4.Nxd4 Nf6 5.Nc3 g6 6.Be3 Bg7 7.f3 O-O 8.Qd2 Nc6
9.Bc4 Bd7 10.O-O-O Ne5 11.Bb3 Rc8 12.h4 h5 13.Bg5 Rc5 14.g4 hxg4 15.f4 Nc4
16.Qe2 Na5 17.e5 Nxb3+ 18.Nxb3 Rxc3 19.bxc3 Bc6 20.Rhf1 Ne4 21.Qc4 d5 22.Qxe4 dxe4
23.Rxd8 Rxd8 24.Bxe7 Rd7 25.Bg5 Bf8 26.Nd4 Bc5 27.f5 Bxd4 28.cxd4 gxf5 29.Rxf5 Rxd4
30.Be3 Ra4 31.Rg5+ Kh7 32.Rh5+ Kg8 33.Rg5+  1/2-1/2

[Event "Hoogovens"]
[Site "Wijk aan Zee"]
[Date "1994.??.??"]
[Round "2"]
[White "Hansen, Curt"]
[Black "Smirin, Ilia"]
[Result "1/2-1/2"]
[WhiteElo "2580"]
[BlackElo "2615"]

1.c4 g6 2.Nc3 Bg7 3.g3 Nf6 4.Bg2 O-O 5.d4 c6 6.e4 d6 7.Nge2 e5 8.O-O Nbd7
9.h3 a6 10.dxe5 dxe5 11.Be3 Qe7 12.Qc2 b5 13.a3 Re8 14.Rfd1 Bf8 15.cxb5 axb5
16.Nc1 Ba6 17.b4 c5 18.Nd3 c4 19.Nc5 Nxc5 20.Bxc5 Qc7 21.Bxf8 Rxf8 22.Qd2 Rfd8
23.Qe3 Kg7 24.Bf1 Qc6 25.Rxd8 Rxd8 26.a4 bxa4 27.Rxa4 Rd4 28.b5 Bxb5 29.Ra5 Ba6
30.Rxe5 Rd7 31.Rc5 Qe6  1/2-1/2

[Event "Hoogovens"]
[Site "Wijk aan Zee"]
[Date "1994.??.??"]
[Round "5"]
[White "Smirin, Ilia"]
[Black "Piket, Jeroen"]
[Result "1/2-1/2"]
[WhiteElo "2615"]
[BlackElo "2605"]

1.e4 e5 2.Nf3 Nc6 3.Bb5 a6 4.Ba4 Nf6 5.O-O Nxe4 6.d4 Be7 7.Re1 b5 8.Rxe4 d5
9.Nxe5 Nxe5 10.Rxe5 bxa4 11.c4 dxc4 12.Qxa4+ Bd7 13.Qxc4 O-O 14.Nc3 Bd6 15.Bg5 Qb8
16.Re2 Re8 17.d5 Rxe2 18.Qxe2 Qb4 19.Re1 a5 20.h3 h6 21.Bc1 Re8 22.Qd1 Re5
23.Rxe5  1/2-1/2

[Event "Formia op"]
[Site "Formia"]
[Date "1995.??.??"]
[Round "?"]
[White "Smirin, Ilia"]
[Black "Nurkic, Sahbaz"]
[Result "1-0"]
[WhiteElo "2630"]
[BlackElo "2450"]

1.e4 g6 2.d4 Bg7 3.Nc3 c6 4.Bc4 d5 5.exd5 b5 6.Bb3 b4 7.Nce2 cxd5 8.a3 bxa3
9.Rxa3 Nf6 10.Nf3 O-O 11.O-O Nc6 12.Ne5 Bb7 13.Nd3 Na5 14.Nc5 Bc6 15.Ba4 Bxa4
16.Rxa4 Nc4 17.b3 Nb6 18.Ra2 Nbd7 19.Na6 Rc8 20.Qd3 e5 21.Bd2 Qb6 22.dxe5 Nxe5
23.Qe3 Rfe8 24.Qxb6 axb6 25.Nf4 Nc6 26.Nb4 Nxb4 27.Bxb4 g5 28.Nd3 Re2 29.Rc1 h6
30.Kf1 Re6 31.Re1 Ng4 32.Rxe6 fxe6 33.Bd6 e5 34.h3 e4 35.Nb4 Nf6 36.Ra6 Ne8
37.Bg3 Bd4 38.Nxd5 Rxc2 39.Ra7 Nf6 40.Ne7+ Kf8 41.Nf5 Bc5 42.Bd6+ Bxd6 43.Nxd6 Nd5
44.Nxe4 Rb2 45.g3 Rxb3 46.Rh7 Rb4 47.Nd6 Rb1+ 48.Kg2 b5 49.Rxh6 b4 50.Rh7 Rc1
51.Rf7+  1-0

[Event "Formia op"]
[Site "Formia"]
[Date "1995.??.??"]
[Round "?"]
[White "Drasko, Milan"]
[Black "Smirin, Ilia"]
[Result "1/2-1/2"]
[WhiteElo "2510"]
[BlackElo "2630"]

1.d4 Nf6 2.c4 g6 3.Nf3 Bg7 4.g3 O-O 5.Bg2 d6 6.O-O Nc6 7.Nc3 a6 8.h3 Rb8
9.e4 b5 10.cxb5 axb5 11.Qc2 b4 12.Ne2 Na5 13.Be3 Ba6 14.Rfe1 Nc4 15.Bg5 Nd7
16.Rad1 c5 17.e5 Rc8 18.exd6  1/2-1/2

[Event "Formia op"]
[Site "Formia"]
[Date "1995.??.??"]
[Round "?"]
[White "Smirin, Ilia"]
[Black "Grosar, Aljosa"]
[Result "1-0"]
[WhiteElo "2630"]
[BlackElo "2475"]

1.d4 Nf6 2.c4 e6 3.Nf3 b6 4.g3 Ba6 5.b3 Bb7 6.Bg2 Bb4+ 7.Bd2 c5 8.O-O O-O
9.Bc3 Na6 10.Bb2 cxd4 11.a3 Be7 12.b4 d5 13.Nxd4 Qd7 14.cxd5 Bxd5 15.Bxd5 Qxd5
16.Qa4 Nb8 17.Rd1 a6 18.Nd2 b5 19.Qc2 a5 20.bxa5 Rxa5 21.Qc7 Qd8 22.Qb7 b4
23.axb4 Rd5 24.Nc4 Ne8 25.Rd3 Rd7 26.Qb5 Nd6 27.Nxd6 Rxd6 28.Qc4 Qb6 29.b5 Bf6
30.e3 Rfd8 31.Rb3 Qb7 32.Rf1 h5 33.Ba3 Rd5 34.Nc6 Rc8 35.Rc1 Kh8 36.Rbb1 h4
37.e4 Rd7 38.Qe2 Rdc7  1-0

[Event "Formia op"]
[Site "Formia"]
[Date "1995.??.??"]
[Round "?"]
[White "Smirin, Ilia"]
[Black "Godena, Michele"]
[Result "1-0"]
[WhiteElo "2630"]
[BlackElo "2430"]

1.e4 e5 2.Nf3 Nc6 3.Bb5 a6 4.Ba4 Nf6 5.O-O b5 6.Bb3 Bc5 7.c3 d6 8.Re1 Bb6
9.a4 Bb7 10.d3 Ne7 11.Nbd2 Ng6 12.Nf1 O-O 13.Ng3 c5 14.h3 Re8 15.Nh2 d5 16.axb5 axb5
17.Rxa8 Bxa8 18.Bg5 c4 19.dxc4 dxc4 20.Bc2 Nf4 21.Kf1 h6 22.Qxd8 Rxd8 23.Bxf6 Rd2
24.Ng4 gxf6 25.Rc1 h5 26.Ke1 Rd6 27.Nf5 Re6 28.Nge3 Re8 29.Rd1 Rd8 30.Rxd8+ Bxd8
31.h4 Kh7 32.g3 Ne6 33.Nd6 Bc6 34.Nd5  1-0

[Event "Formia op"]
[Site "Formia"]
[Date "1995.??.??"]
[Round "?"]
[White "Smirin, Ilia"]
[Black "Djuric, Stefan"]
[Result "0-1"]
[WhiteElo "2630"]
[BlackElo "2460"]

1.e4 e6 2.d4 c5 3.d5 exd5 4.exd5 d6 5.Nc3 Nf6 6.h3 Be7 7.g4 Na6 8.Nge2 O-O
9.Bg2 Qa5 10.Ng3 b5 11.O-O b4 12.Nce2 Nc7 13.a3 Re8 14.Bd2 Qb5 15.axb4 Nfxd5
16.bxc5 dxc5 17.Ba5 Rd8 18.Qc1 Qb8 19.c4 Nb6 20.Bxb6 axb6 21.Bxa8 Nxa8 22.Rd1 Bd6
23.Ne4 Bh2+ 24.Kg2 Re8 25.N2g3 Bxg3 26.Nxg3 Bb7+ 27.Kg1 Nc7 28.Nf5 Ne6 29.Nd6 Rf8
30.Nxb7 Qxb7 31.Rd5 Nd4 32.Qd1 Re8 33.Ra3 Qc7 34.Kg2 Qc6 35.Re3 Rf8 36.b4 Ne6
37.b5 Nf4+ 38.Kf3 Qh6 39.g5 Qh4 40.Re4 f5 41.Rxf4 Qxh3+ 42.Ke2 Re8+ 43.Kd2 Qa3
44.Rf3 Qa2+ 45.Kd3 Qa3+ 46.Kc2 Qa2+ 47.Kc3 Qa3+ 48.Qb3 Qc1+ 49.Kd3 f4 50.Rh3 Qe1
51.Rd6 Qe2+ 52.Kc3 Qe5+ 53.Kc2 Qxd6 54.Qd3 Qxd3+ 55.Kxd3 Kf7 56.Rxh7 Kg6
57.Rh1 Kxg5 58.Kd2 Re4 59.Rc1 Kf5 60.f3 Re3 61.Ra1 Ke5 62.Ra6 Kd4 63.Rxb6 Kxc4
64.Rb7 Rxf3 65.b6 Rf2+ 66.Ke1 Rb2  0-1

[Event "Haifa"]
[Site "Haifa"]
[Date "1995.??.??"]
[Round "2"]
[White "Psakhis, Lev"]
[Black "Smirin, Ilia"]
[Result "1-0"]
[WhiteElo "2625"]
[BlackElo "2630"]

1.e4 c5 2.Nf3 e6 3.d3 Nc6 4.g3 Nf6 5.Bg2 Be7 6.O-O d5 7.Qe2 O-O 8.e5 Nd7
9.c4 d4 10.h4 Kh8 11.Bf4 f6 12.Nbd2 Qe8 13.Bh3 f5 14.Ng5 Bd8 15.Bg2 h6 16.Nh3 Rg8
17.Bxc6 bxc6 18.h5 Nf8 19.Kg2 Bd7 20.Rh1 a5 21.Ng1 Qf7 22.Ndf3 Be8 23.Qc2 Qd7
24.Ne2 Bf7 25.Bd2 Qe8 26.Nf4 Ra7 27.Rae1 Nh7 28.Qd1 Bg5 29.Nxg5 Nxg5 30.b3 Nh7
31.Qc1 Nf8 32.f3 Nd7 33.g4 fxg4 34.fxg4 a4 35.g5 hxg5 36.Ng6+ Kh7 37.Bxg5 axb3
38.axb3 Bxg6 39.hxg6+ Kxg6 40.Qd1 Ra2+ 41.Kg3 Rh8 42.Rxh8 Qxh8 43.Rh1  1-0

[Event "Haifa"]
[Site "Haifa"]
[Date "1995.??.??"]
[Round "6"]
[White "Svidler, Peter"]
[Black "Smirin, Ilia"]
[Result "1-0"]
[WhiteElo "2585"]
[BlackElo "2630"]

1.e4 d6 2.d4 Nf6 3.Nc3 g6 4.Bg5 h6 5.Be3 a6 6.f3 b5 7.Qd2 Nbd7 8.a4 b4 9.Nd1 Rb8
10.Nf2 c5 11.dxc5 Nxc5 12.e5 Nfd7 13.exd6 Bg7 14.Bd4 Bxd4 15.Qxd4 O-O 16.Ne2 exd6
17.Ng3 d5 18.Be2 Ne6 19.Qd2 Qg5 20.Qxg5 hxg5 21.h4 b3 22.c3 d4 23.Nd1 g4
24.fxg4 Ne5 25.g5 Kg7 26.cxd4 Nxd4 27.O-O Nc2 28.Rc1 Rb4 29.h5 Rxa4 30.Nc3 Rd4
31.h6+ Kh8 32.Rf6 a5 33.Bd1 Ng4 34.Rb6 Re8 35.Bxg4 Rxg4 36.Nce4 Rgxe4 37.Nxe4 Rxe4
38.Rxb3 Rc4 39.Rb8 Nd4  1-0

[Event "Haifa"]
[Site "Haifa"]
[Date "1995.??.??"]
[Round "8"]
[White "Akopian, Vladimir"]
[Black "Smirin, Ilia"]
[Result "1/2-1/2"]
[WhiteElo "2655"]
[BlackElo "2630"]

1.d4 Nf6 2.c4 g6 3.Nc3 Bg7 4.e4 d6 5.Nf3 O-O 6.Be2 e5 7.O-O Nc6 8.d5 Ne7
9.Ne1 Ne8 10.Nd3 f5 11.Bd2 Kh8 12.Rc1 Nf6 13.f3 c5 14.dxc6 Nxc6 15.Be3 Be6
16.b3 Nd4 17.Nf4 Bg8 18.Nfd5 Bxd5 19.exd5 a6 20.Bd3 Nh5 21.Qd2 Rc8 22.Rfd1 Qa5
23.Bf1 Nf6 24.Ne2 Nxe2+ 25.Bxe2 Qa3 26.Bb6 Nd7 27.Bf2 a5 28.Rc2 Nc5 29.Be1 Ra8
30.Qc1 Qxc1 31.Rcxc1 Bh6 32.Rb1 e4 33.Kf1 exf3 34.gxf3 Rfe8 35.a3 Nd7 36.Rb2 Bg7
37.Rc2 Re3 38.Rb1 b6 39.Bf2 Re7 40.b4 axb4 41.axb4 Be5 42.Kg2 Kg7 43.Bd1 Bf4
44.h3  1/2-1/2